| 000 | 00768cam a2200205 a 4500 | ||
|---|---|---|---|
| 020 | _a0761957529 : | ||
| 020 | _a0761957537 (pbk.) | ||
| 082 |
_a940.288 _bCHA _cD. |
||
| 245 | 0 | 0 |
_aDivided Europe : _bsociety and territory / _cedited by Ray Hudson & Allan M. Williams. |
| 260 |
_aLondon ; _aThousand Oaks, Calif. : _bSAGE Publication, _c1999. |
||
| 300 |
_axii, 315 p. : _bill., maps ; _c24 cm. |
||
| 526 |
_a0 _b0 _c0 _d940_288000000000000_CHA |
||
| 650 | 0 |
_aMCE _9379 |
|
| 650 | 0 |
_aSocial stratification _zEurope. _949562 |
|
| 700 | 1 |
_aHudson, Ray, _949563 |
|
| 700 | 1 |
_aWilliams, Allan M. _949564 |
|
| 856 | 4 | 1 | _uhttp://www.loc.gov/catdir/enhancements/fy0656/98061427-t.html |
| 856 | 4 | 2 | _uhttp://www.loc.gov/catdir/enhancements/fy0656/98061427-d.html |
| 942 |
_2ddc _cBK |
||
| 999 |
_c552342 _d552342 |
||